| 000 | 00997nam a2200277 a 4500 | ||
|---|---|---|---|
| 001 | 000007219 | ||
| 003 | DO-SdBNP | ||
| 005 | 20211021115555.0 | ||
| 007 | ta | ||
| 008 | 090907d2004 dr 001 0 spa d | ||
| 040 |
_aDO-SdBNP _bspa _cBNPHU |
||
| 082 | 4 |
_a616.8 _bR426n, 2004 _222 |
|
| 110 | 1 |
_aRepública Dominicana. _bSecretaría de Estado de Salud Pública y Asistencia Social. _bDirección General de Salud Mental. _920025 |
|
| 245 | 1 | 0 |
_aNormas nacionales para la atención en salud mental / _cpresentación José Rodríguez Soldevila. |
| 260 |
_aSanto Domingo : _bSESPAS, _c2004. |
||
| 300 |
_a101 p. ; _c22 cm. |
||
| 490 | 1 |
_aNormas nacionales ; _v35 |
|
| 500 | _aBibliografía : p. 101 | ||
| 590 | _aInventariado, 2018/LP | ||
| 650 | 4 |
_aSalud mental _xNormas _920026 |
|
| 650 | 4 |
_aSalud mental _xPrevención y control _920027 |
|
| 650 | 4 |
_aSalud pública _xNormas _920028 |
|
| 830 | 0 |
_aNormas nacionales ; _n35 _920029 |
|
| 910 | _aValidado. Control de calidad. MFF | ||
| 942 |
_2ddc _cLBS1 |
||
| 999 |
_c7000 _d7000 |
||